[Event "SVK-chT U16 rapid"]
[Site "Poprad"]
[Date "2025.05.04"]
[Round "1.7"]
[White "Pisarcik, Richard"]
[Black "Lukac, Richard"]
[Result "1-0"]
[WhiteElo "1832"]
[BlackElo "1438"]
[PlyCount "89"]
[EventDate "2025.05.04"]
[EventType "team-swiss (rapid)"]
[EventRounds "7"]
[EventCountry "SVK"]
[SourceTitle "CB19_2025"]
[SourceDate "2025.05.07"]
[SourceVersion "1"]
[SourceVersionDate "2025.05.07"]
[SourceQuality "1"]

1. e4 e5 2. Nf3 Nc6 3. d4 exd4 4. Bc4 Bb4+ 5. c3 dxc3 6. 0-0 cxb2 7. Bxb2 Nf6 8. e5 Ng8 9. Nbd2 d6 10. Re1 Nge7 11. exd6 cxd6 12. Bxg7 Rg8 13. Bf6 Bg4 14. Bxe7 Nxe7 15. Qa4+ Kf8 16. Qxb4 Bxf3 17. Nxf3 b6 18. Qd2 Rg6 19. Qf4 f6 20. Re6 Ng8 21. Qxd6+ Qxd6 22. Rxd6 Rc8 23. Bd3 Rg7 24. h3 Rgc7 25. Rd1 Ne7 26. Rxf6+ Kg8 27. Bf5 Re8 28. Rd7 Rxd7 29. Bxd7 Rd8 30. Be6+ Kg7 31. Rf7+ Kg6 32. Rxe7 Kf6 33. Rd7 Re8 34. Bg4 a5 35. Rd6+ Kg7 36. Rxb6 Re2 37. Rb7+ Kf6 38. Rb6+ Kf7 39. Ng5+ Kg7 40. Bxe2 h6 41. Ne4 h5 42. Bxh5 Kh7 43. Rg6 a4 44. Nf6+ Kh8 45. Rg8# 1-0